CURRENT MEDICAL DIAGNOSIS AND TREATMENT (Record no. 1195058)

MARC details
000 -LEADER
fixed length control field 00367nam a2200157Ia 4500
008 - FIXED-LENGTH DATA ELEMENTS--GENERAL INFORMATION
fixed length control field 240830s1901 xx 000 0 und d
041 ## - LANGUAGE CODE
Language code of text/sound track or separate title eng
082 ## - DEWEY DECIMAL CLASSIFICATION NUMBER
Classification number 610/ PAN
100 ## - MAIN ENTRY--PERSONAL NAME
Personal name PANDA U.N.
245 ## - TITLE STATEMENT
Title CURRENT MEDICAL DIAGNOSIS AND TREATMENT
260 ## - PUBLICATION, DISTRIBUTION, ETC.
Name of publisher, distributor, etc. N.D.
Date of publication, distribution, etc. 1901
300 ## - PHYSICAL DESCRIPTION
Extent 1100p
650 ## - SUBJECT ADDED ENTRY--TOPICAL TERM
Topical term or geographic name entry element KAYA-CHIKITSA
906 ## - LOCAL DATA ELEMENT F, LDF (RLIN)
a N.D.

No items available.